000 00867nam a22002297a 4500
003 OSt
005 20260128094646.0
008 230614b ||||| |||| 00| 0 eng d
040 _cSSBUL
082 _223
_a294.363
100 0 _aၼ်ေႃၶမ်း(မိုင်ႈၵိုင်)၊
_cၸဝ်။
_925903
245 1 0 _aၸိၼတ်ထပၵႃသၼီ (ဇိနတ္ထပကာသနီ) /
250 _aပွၵ်းၵမ်းသီႇ
260 _aတႃႈၵုင်ႈ၊
_bတၢႆးယိၼ်းမေႇၸႃႇၸိၼ်ႇ၊
_c1994 ။
300 _a373 ၼႃႈ၊
_bပႃးႁၢင်ႈ၊
_c25 ၸိၼ်ႇတီႇ။
500 _a S-SAT: Dr. Prof Sai Aung Tun
650 _aပိုၼ်းၽြႃးပဵၼ်ၸဝ်ႈ
_922175
942 _cBK
942 _2ddc
942 _2ddc
942 _2ddc
999 _c25734
_d25734